| 000 | 00834nam a22002777a 4500 | ||
|---|---|---|---|
| 001 | 8573 | ||
| 003 | FISKH | ||
| 005 | 20251001150644.0 | ||
| 008 | 251001b cb ||||| |||| 00| 0 eng d | ||
| 020 | _a0717266818 | ||
| 040 |
_aFISKH _beng _cFISKH _dFISKH |
||
| 050 | _aPZ7 | ||
| 082 | _a516.15 | ||
| 100 | _aAnonymous | ||
| 245 | _aMy first shapes book / | ||
| 260 |
_aNew Delhi : _bSterling, _c2016. |
||
| 300 |
_a16 unnumbered pages : _bcolor illustrations ; _c16 cm |
||
| 505 | _aaa | ||
| 520 | _aA book that help to build early learninig skills, strengthen a child's vocabulary, and are building blocks of early curriculum. | ||
| 521 | 8 |
_a10
L _bLexile estimate |
|
| 521 | 8 |
_aaa
_bRaz-Plus |
|
| 650 |
_aShapes _vJuvenile Literature |
||
| 650 |
_aKids Book _vFiction |
||
| 942 |
_2ddc _cBK _n0 |
||
| 999 |
_c8573 _d8573 |
||